000 00941nas a2200325 4500
001 BR2013006731
003 BR-BrBNA
005 20231205122828.0
007 ta
008 230509b bl.|||p| |||| 00| 00por d
040 _aBR-BrBNA
_bpor
_cBiblioteca Nacional de Agricultura
041 _a(En)
072 _aP01; H10
100 1 _aCarneiro, M.A.A.
100 1 _aBranco, C.S.A.
100 1 _aBraga, C.E.D.
100 1 _aAlmada, E.D.
100 1 _aCosta, M.B.M.
100 1 _aMaia, V.C.
100 1 _aFernandes, G.W.
245 1 _aAre gall midge species (Diptera, Cecidomyiidae)host-plant specialists
650 _aBIODIVERSIDADE
650 _aMOSCA
650 _aPLANTA HOSPEDEIRA
650 _aINSETO
650 _aGALHA
773 0 _tRevista Brasileira de Entomologia (Brazil)
_xISSN 0085-5626
_g(Jul-Sep 2009), v. 53(3) p. 365-378
_wBR2013006731
909 _a202311
_bLúcia
_c55
_dLúcia Elande
942 _2AGRIS
_n0
_cANA
999 _c230801
_d230801